000 03195cam a2200325 i 4500
003 SA-RiAUC
005 20250918070121.0
008 250916s2004 su h g 00000 ara c
020 _a9960440486
024 0 _a00000000294227
040 _aSA-JeALM
_bara
_cSA-RiAUC
_dKAC
_erda
043 _aa-su---
050 4 _b.L34 2004
082 0 4 _a929.209531
_qSA-RiAUC
090 _a929.209531
_bل ح ي
100 1 _aاللحياني، مساعد منشط،
_d1374 هجري-
_eمؤلف.
245 1 0 _aلحيان بين العلا ومكة /
_cإعداد مساعد بن منشط الغريفي اللحياني ؛ تصدير أ. د. عبد الرحمن الطيب الأنصاري.
250 _aالطبعة الأولى.
264 1 _aالرياض :
_bمساعد بن منشط الغريفي اللحياني،
_c2004
300 _a367 صفحة :
_bمثليات ؛
_c21 × 14 سم
336 _aنص
_btxt
_2rdacontent
_3كتاب
337 _aبدون وسيط
_bn
_2rdamedia
338 _aمجلد
_bnc
_2rdacarrier
504 _aببليوجرافية : صفحة 353 -362.
505 0 _aالمحتويات : الفصل الأول : لحيان في العصر القديم : الوضع السياسي في المجتمع اللحياني : الوضع الديني في المجتمع اللحياني : الوضع الثقافي في المجتمع اللحياني : الوضع الاقتصادي في المجتمع اللحياني : الوضع الاجتماعي في المجتمع اللحياني : سقوط مملكة لحيان : زيارات المستشرقين لآثار مملكة لحيان : كتابات المستشرقين عن مملكة لحيان : كتابات العلماء العرب ودراستهم عن مملكة لحيان-الفصل الثاني : لحيان في العصر الجاهلي : منازل لحيان : أيام لحيان : دبانة لحيان : شعراء لحيان ونماذج من شعرهم : شاعرات لحيان ونماذج من شعرهن-الفصل الثالث : لحيان في العصر الإسلامي : منزل لحيان : لحيان ومحاربة الدعوة الإسلامية : لحيان تدخل الإسلام : المشاركة في الجهاد : المشاركة في الجانب السياسي-الفصل الرابع : أعلام بني لحيان من الصحابة والعلماء والمحدثين والقراء-الفصل الخامس : الحياة العامة عن لحيان في العصرين الجاهلي والإسلامي : الحياة العامة في العصر الجاهلي : الحياة العامة في العصر الإسلامي-الفصل السادس : لحيان في العصلر السعودي الزاهر : الحدود : المنازل : الجبال : الحرات : الأودية : وسم قبيلة لحيان-الفصل السابع : المعالم التاريخية والأثرية في الديار اللحيانية
650 7 _aالقبائل العربية
_zالسعودية
_2aucsh
700 1 _aالأنصاري، عبد الرحمن الطيب،
_d1935-
_eمقدم.
942 _2ddc
_cBOOK
_n0
949 _aSA-JeALM
_d250916
_uosman123
_n1
999 _c11897
_d11897